[Event "Untergrombach op 37th"]
[Site "Untergrombach"]
[Date "2020.01.04"]
[Round "4"]
[White "Pogan, Nikolas"]
[Black "Medvedovski, Michael"]
[Result "1-0"]
[WhiteElo "2244"]
[BlackElo "2064"]
[PlyCount "85"]
[EventDate "2020.01.02"]
[EventType "swiss"]
[EventRounds "7"]
[EventCountry "GER"]
[SourceTitle "CBM 194 Extra"]
[Source "ChessBase"]
[SourceDate "2020.03.31"]
[SourceVersion "1"]
[SourceVersionDate "2020.03.31"]
[SourceQuality "1"]

1. d4 d5 2. c4 e6 3. Nf3 c5 4. cxd5 exd5 5. Nc3 Nc6 6. dxc5 Nf6 7. Be3 Be7 8. Nd4 Na5 9. b4 Nc4 10. Bf4 a5 11. a3 Nh5 12. Bg3 Nxg3 13. hxg3 Bg4 14. Rc1 axb4 15. axb4 Bg5 16. f4 Bf6 17. Qd3 Nb2 18. Qe3+ Kf8 19. Ncb5 Bd7 20. Qf3 Bxb5 21. Nxb5 Nc4 22. e3 Qd7 23. Bxc4 dxc4 24. Nd6 Bb2 25. Rd1 Bc3+ 26. Kf1 Bxb4 27. Nxb7 Qb5 28. Nd6 Qa6 29. Qd5 Ra7 30. Nxc4 g6 31. Kf2 Kg7 32. Ra1 Qb7 33. Qd4+ f6 34. c6 Rxa1 35. cxb7 Rxh1 36. Qd7+ Kh6 37. g4 Be1+ 38. Ke2 Bh4 39. Qb5 Re1+ 40. Kd3 Rd8+ 41. Ke4 f5+ 42. gxf5 gxf5+ 43. Kxf5 1-0

[Event "Untergrombach op 36th"]
[Site "Untergrombach"]
[Date "2019.01.06"]
[Round "7"]
[White "Keil, Roland"]
[Black "Medvedovski, Michael"]
[Result "1/2-1/2"]
[WhiteElo "2031"]
[BlackElo "2082"]
[PlyCount "21"]
[EventDate "2019.01.02"]
[EventType "swiss"]
[EventRounds "7"]
[EventCountry "GER"]
[SourceTitle "CBM 188 Extra"]
[Source "ChessBase"]
[SourceDate "2019.02.26"]
[SourceVersion "1"]
[SourceVersionDate "2019.02.26"]
[SourceQuality "1"]

1. e4 c5 2. Nc3 Nc6 3. g3 g6 4. Bg2 Bg7 5. Nge2 d6 6. d3 e5 7. Nd5 Nge7 8. Bg5 Qa5+ 9. Bd2 Qd8 10. Bg5 Qa5+ 11. Bd2 1/2-1/2

[Event "Frankfurt-chA"]
[Site "Frankfurt"]
[Date "2018.06.11"]
[Round "6"]
[White "Medvedovski, Michael"]
[Black "Benninger, Rudolf"]
[Result "1-0"]
[WhiteElo "2115"]
[BlackElo "1895"]
[PlyCount "73"]
[EventDate "2018.04.30"]
[EventType "swiss"]
[EventRounds "7"]
[EventCountry "GER"]
[SourceTitle "EXT 2019"]
[Source "ChessBase"]
[SourceDate "2018.10.10"]
[SourceVersion "1"]
[SourceVersionDate "2018.10.10"]
[SourceQuality "1"]

1. e4 g6 2. d4 Bg7 3. c4 c5 4. Nf3 Qb6 5. dxc5 Qxc5 6. Be2 d6 7. 0-0 Bg4 8. Be3 Qc7 9. Nd4 Bxe2 10. Qxe2 Nc6 11. Nb5 Qb8 12. Rd1 a6 13. N5c3 Nf6 14. Nd5 Nxd5 15. exd5 Ne5 16. Bd4 0-0 17. f4 Nd7 18. Bxg7 Kxg7 19. Qxe7 Qc7 20. Qe4 Nf6 21. Qd4 Rfe8 22. Nd2 Re2 23. Re1 Rae8 24. Kf1 Qe7 25. Nf3 Kg8 26. Qd3 Re4 27. b3 h6 28. Rac1 b6 29. Rxe4 Nxe4 30. Re1 f5 31. g3 g5 32. fxg5 hxg5 33. Nd4 Qf6 34. Ne6 Nc5 35. Nxc5 Rxe1+ 36. Kxe1 bxc5 37. Qe2 1-0

[Event "Oberliga Ost-B 1718"]
[Site "Germany"]
[Date "2018.04.15"]
[Round "11.5"]
[White "Medvedovski, Michael"]
[Black "Seifert, Christopher"]
[Result "0-1"]
[WhiteElo "2034"]
[BlackElo "2290"]
[PlyCount "58"]
[EventDate "2017.10.22"]
[EventType "team-tourn"]
[EventRounds "11"]
[EventCountry "GER"]
[SourceTitle "EXT 2019"]
[Source "ChessBase"]
[SourceDate "2018.10.10"]
[SourceVersion "1"]
[SourceVersionDate "2018.10.10"]
[SourceQuality "1"]
[WhiteTeam "Frankfurt TV"]
[BlackTeam "Neuberg"]
[WhiteTeamCountry "GER"]
[BlackTeamCountry "GER"]

1. e4 g6 2. d4 Bg7 3. Nc3 c5 4. Nge2 cxd4 5. Nxd4 Nc6 6. Nb3 d6 7. Be2 a5 8. a4 Nf6 9. 0-0 0-0 10. Bg5 Be6 11. f4 Rc8 12. Bf3 Nd7 13. Kh1 Nb4 14. Nd4 Bxd4 15. Qxd4 Nxc2 16. Qd2 Nxa1 17. Rxa1 Nc5 18. Re1 f6 19. Bh6 Re8 20. Be2 Kh8 21. g4 Bd7 22. Qd5 e6 23. Qd4 Bc6 24. Bb5 e5 25. Qd2 Qd7 26. f5 gxf5 27. gxf5 Qxf5 28. Bg7+ Kxg7 29. Qg2+ Qg6 0-1

[Event "Untergrombach-ch 35th"]
[Site "Untergrombach"]
[Date "2018.01.05"]
[Round "6"]
[White "Medvedovski, Michael"]
[Black "Engel, Jan"]
[Result "1-0"]
[WhiteElo "2068"]
[BlackElo "1833"]
[PlyCount "59"]
[EventDate "2018.01.02"]
[EventType "swiss"]
[EventRounds "7"]
[EventCountry "GER"]
[SourceTitle "CBM 182 Extra"]
[Source "ChessBase"]
[SourceDate "2018.02.23"]
[SourceVersion "1"]
[SourceVersionDate "2018.02.23"]
[SourceQuality "1"]

1. Nf3 Nf6 2. g3 d5 3. Bg2 Bf5 4. d3 e6 5. 0-0 Be7 6. Nbd2 c5 7. Nh4 Bg6 8. Nxg6 hxg6 9. e4 Nc6 10. c3 0-0 11. Qe2 Qc7 12. Re1 dxe4 13. dxe4 Rad8 14. a4 b6 15. Nc4 a6 16. Bf4 Qb7 17. Rad1 Nh5 18. Bd6 Bxd6 19. Nxd6 Qc7 20. e5 Rd7 21. f4 Rfd8 22. Qxa6 Ne7 23. Qe2 Nc6 24. Nb5 Qc8 25. Rd6 Na5 26. Rxb6 Rd2 27. Qe4 R8d3 28. Nd6 Qd8 29. Ra6 Kh7 30. Nxf7 1-0

[Event "Untergrombach-ch 35th"]
[Site "Untergrombach"]
[Date "2018.01.03"]
[Round "3"]
[White "Nekrasov, Mihail"]
[Black "Medvedovski, Michael"]
[Result "1/2-1/2"]
[WhiteElo "2319"]
[BlackElo "2068"]
[PlyCount "68"]
[EventDate "2018.01.02"]
[EventType "swiss"]
[EventRounds "7"]
[EventCountry "GER"]
[SourceTitle "CBM 182 Extra"]
[Source "ChessBase"]
[SourceDate "2018.02.23"]
[SourceVersion "1"]
[SourceVersionDate "2018.02.23"]
[SourceQuality "1"]

1. e4 c5 2. Nf3 Nc6 3. d4 cxd4 4. Nxd4 e5 5. Nb5 a6 6. Nd6+ Bxd6 7. Qxd6 Qf6 8. Qd1 Qg6 9. Nc3 d5 10. Nxd5 Qxe4+ 11. Be3 Nd4 12. Nc7+ Ke7 13. Rc1 Bg4 14. Qd3 Qxd3 15. Bxd3 Rd8 16. h3 Bc8 17. f4 f6 18. Na8 Bf5 19. Bxd4 Bxd3 20. Bc5+ Kf7 21. cxd3 Rxa8 22. Ba3 Rd8 23. Rc7+ Kg6 24. Rxb7 exf4 25. Kd2 Nh6 26. Rf1 Rd4 27. Bc5 Rd5 28. d4 Rhd8 29. Kc3 Rg5 30. Rxf4 Rxg2 31. Rf3 Nf7 32. Re3 Nd6 33. Bxd6 Rxd6 34. a4 Kf5 1/2-1/2

[Event "Heusenstamm Sparkassen op-A 4th"]
[Site "Heusenstamm"]
[Date "2017.11.26"]
[Round "6"]
[White "Khanukov, Boris"]
[Black "Medvedovski, Michael"]
[Result "1-0"]
[WhiteElo "2289"]
[BlackElo "2048"]
[PlyCount "119"]
[EventDate "2017.11.23"]
[EventType "swiss"]
[EventRounds "7"]
[EventCountry "GER"]
[SourceTitle "EXT 2019"]
[Source "ChessBase"]
[SourceDate "2018.10.10"]
[SourceVersion "1"]
[SourceVersionDate "2018.10.10"]
[SourceQuality "1"]

1. Nf3 d5 2. g3 Bg4 3. Bg2 Nd7 4. c4 e6 5. Qa4 Bxf3 6. Bxf3 c6 7. cxd5 exd5 8. 0-0 Nc5 9. Qc2 Nf6 10. d3 Be7 11. Bg2 0-0 12. h3 Re8 13. e3 Qd7 14. Nd2 Qf5 15. e4 Qg6 16. b3 dxe4 17. dxe4 Bf8 18. Re1 Rad8 19. Re3 Nd5 20. Re2 Nb4 21. Qc4 Nbd3 22. Ba3 Qf6 23. Rf1 b5 24. Qc2 b4 25. Bc1 Ne6 26. Nf3 c5 27. Be3 Ne5 28. Nxe5 Qxe5 29. Qc4 Nd4 30. Ree1 Qe6 31. Rc1 Qxc4 32. Rxc4 Ne2+ 33. Kh2 Nc3 34. Ra1 h6 35. Bf3 Rc8 36. a3 Nb5 37. axb4 cxb4 38. Rxc8 Rxc8 39. Ra5 Nd6 40. e5 Nf5 41. Bxa7 Rc3 42. Bd5 Ne7 43. Bc4 Nc6 44. Ra2 Nxe5 45. Bd5 Rd3 46. Ra5 Nf3+ 47. Bxf3 Rxf3 48. Be3 Rf6 49. Ra8 Rc6 50. Bd2 Rb6 51. Rc8 f6 52. Kg2 Kf7 53. Rc4 Ke6 54. Kf1 Rb7 55. Ke2 Kd5 56. Be3 Bd6 57. Kd3 Rc7 58. Rd4+ Kc5 59. Rxd6+ Kxd6 60. Bf4+ 1-0

[Event "Heusenstamm Sparkassen op-A 4th"]
[Site "Heusenstamm"]
[Date "2017.11.25"]
[Round "4"]
[White "Kersten, Uwe"]
[Black "Medvedovski, Michael"]
[Result "1-0"]
[WhiteElo "2234"]
[BlackElo "2048"]
[PlyCount "53"]
[EventDate "2017.11.23"]
[EventType "swiss"]
[EventRounds "7"]
[EventCountry "GER"]
[SourceTitle "EXT 2019"]
[Source "ChessBase"]
[SourceDate "2018.10.10"]
[SourceVersion "1"]
[SourceVersionDate "2018.10.10"]
[SourceQuality "1"]

1. e4 c5 2. Nf3 Nc6 3. Bb5 e5 4. 0-0 Nge7 5. c3 g6 6. d4 cxd4 7. cxd4 exd4 8. Bf4 Bg7 9. Bd6 Qb6 10. Na3 Nd8 11. Bb4 Kf8 12. Qa4 a5 13. Bd2 Ne6 14. Nc4 Qa7 15. Nd6 Nc6 16. Rac1 b6 17. Ng5 Ke7 18. Ndxf7 Nc5 19. Rxc5 bxc5 20. Nxh8 Bxh8 21. Qb3 Ne5 22. f4 Ng4 23. Qf7+ Kd6 24. Qxh7 Bf6 25. e5+ Bxe5 26. fxe5+ Nxe5 27. Bf4 1-0

[Event "Frankfurt-chA"]
[Site "Frankfurt"]
[Date "2017.05.08"]
[Round "3"]
[White "Medvedovski, Michael"]
[Black "Milov, Leonid"]
[Result "0-1"]
[WhiteElo "2029"]
[BlackElo "2391"]
[PlyCount "88"]
[EventDate "2017.04.24"]
[EventType "swiss"]
[EventRounds "7"]
[EventCountry "GER"]
[SourceTitle "EXT 2018"]
[Source "ChessBase"]
[SourceDate "2017.10.13"]
[SourceVersion "1"]
[SourceVersionDate "2017.10.13"]
[SourceQuality "1"]

1. e4 c5 2. Nf3 e6 3. Nc3 Nc6 4. d4 cxd4 5. Nxd4 Qc7 6. Be2 a6 7. Be3 b5 8. Nxc6 Qxc6 9. 0-0 Bb7 10. Bf3 Qc7 11. e5 Bxf3 12. Qxf3 Rc8 13. Bf4 Ne7 14. Rfe1 Ng6 15. Rad1 Be7 16. Ne4 0-0 17. c3 b4 18. Re3 Qa5 19. a3 bxa3 20. bxa3 Qxa3 21. h4 Qa4 22. Rd4 Rc4 23. Rxc4 Qxc4 24. h5 Nxf4 25. Qxf4 Kh8 26. Rg3 Qe2 27. h6 g6 28. Re3 Qd1+ 29. Kh2 Qh5+ 30. Rh3 Qf5 31. Kg3 g5 32. Qxf5 exf5 33. Nd2 f6 34. f4 fxe5 35. fxe5 d6 36. exd6 Bxd6+ 37. Kf2 Rf6 38. Nc4 Bf8 39. Rd3 Rxh6 40. Rd5 Rc6 41. Ne5 Rxc3 42. Nf7+ Kg7 43. Rd7 Kf6 44. Nd8 Be7 0-1

[Event "Hessen-ch op-A"]
[Site "Floersheim"]
[Date "2016.05.06"]
[Round "4"]
[White "Goloborodko, Dimitri"]
[Black "Medvedovski, Michael"]
[Result "1-0"]
[WhiteElo "2090"]
[BlackElo "1991"]
[PlyCount "99"]
[EventDate "2016.05.05"]
[EventType "swiss"]
[EventRounds "7"]
[EventCountry "GER"]
[SourceTitle "EXT 2022"]
[Source "ChessBase"]
[SourceDate "2021.10.06"]
[SourceVersion "1"]
[SourceVersionDate "2021.10.06"]
[SourceQuality "1"]

1. d4 d5 2. c4 e6 3. Nc3 c5 4. cxd5 exd5 5. Nf3 Nc6 6. g3 Nf6 7. Bg2 Be7 8. 0-0 0-0 9. b3 Re8 10. Bb2 Bg4 11. dxc5 Bxc5 12. Na4 Be7 13. Rc1 Rc8 14. a3 Bf8 15. Re1 Ne4 16. Rc2 b5 17. Nc3 b4 18. axb4 Nxb4 19. Rc1 Qb6 20. Nxe4 Rxc1 21. Nf6+ Qxf6 22. Qxc1 Qa6 23. Bf1 Bxf3 24. exf3 Rxe1 25. Qxe1 Qc6 26. Bc3 Nc2 27. Qd2 Na3 28. Bd3 Qb7 29. Qd1 Nb5 30. Be5 f6 31. Bb2 Nc7 32. Qc2 h6 33. Qd1 Ne6 34. Bb1 Nc5 35. b4 Nd7 36. Qd3 Qc6 37. b5 Qe6 38. Qh7+ Kf7 39. Qg6+ Kg8 40. Bf5 Qe1+ 41. Kg2 Ne5 42. Be6+ Kh8 43. Qe8 Qb4 44. Bxd5 Qd6 45. Be4 Kg8 46. Qa8 Qc5 47. Qd5+ Kh8 48. Bd4 Qa3 49. Qa8 f5 50. Bxf5 1-0

[Event "Hessenliga 1516"]
[Site "Germany"]
[Date "2016.04.24"]
[Round "9.8"]
[White "Bethke, Robert"]
[Black "Medvedovski, Michael"]
[Result "1/2-1/2"]
[WhiteElo "1545"]
[BlackElo "1966"]
[PlyCount "37"]
[EventDate "2015.09.27"]
[EventType "team-tourn"]
[EventRounds "9"]
[EventCountry "GER"]
[SourceTitle "EXT 2018"]
[Source "ChessBase"]
[SourceDate "2017.10.13"]
[SourceVersion "1"]
[SourceVersionDate "2017.10.13"]
[SourceQuality "1"]
[WhiteTeam "Gelnhausen"]
[BlackTeam "Frankfurt TV"]
[WhiteTeamCountry "GER"]
[BlackTeamCountry "GER"]

1. c4 e6 2. Nc3 d5 3. cxd5 exd5 4. d4 c5 5. Bf4 Nf6 6. Nf3 Nc6 7. e3 cxd4 8. Nxd4 Bb4 9. Ndb5 0-0 10. a3 Bxc3+ 11. bxc3 Be6 12. Be2 a6 13. Nd4 Ne4 14. Nxc6 bxc6 15. Qc2 Qa5 16. Bd3 Qxc3+ 17. Qxc3 Nxc3 18. Rc1 Na4 19. Rxc6 1/2-1/2

[Event "GER-chT U20"]
[Site "Osnabrueck"]
[Date "2015.12.29"]
[Round "6.3"]
[White "Medvedovski, Michael"]
[Black "Heinke, Jasper"]
[Result "1-0"]
[WhiteElo "1980"]
[BlackElo "1806"]
[PlyCount "59"]
[EventDate "2015.12.27"]
[EventType "team-swiss"]
[EventRounds "7"]
[EventCountry "GER"]
[SourceTitle "EXT 2017"]
[Source "ChessBase"]
[SourceDate "2016.10.25"]
[SourceVersion "1"]
[SourceVersionDate "2016.10.25"]
[SourceQuality "1"]
[WhiteTeam "Frankfurt"]
[BlackTeam "Erfurt Empor"]
[WhiteTeamCountry "GER"]
[BlackTeamCountry "GER"]

1. e4 e6 2. Nf3 d5 3. Nc3 d4 4. Ne2 c5 5. c3 Nc6 6. cxd4 Nf6 7. e5 Nd7 8. dxc5 Ndxe5 9. Nxe5 Nxe5 10. d4 Bxc5 11. Be3 Bb4+ 12. Nc3 Nc6 13. Bb5 0-0 14. 0-0 Ne7 15. Qb3 Ba5 16. Rfd1 a6 17. Be2 Qb6 18. Qxb6 Bxb6 19. Bf3 Ba5 20. a3 Bxc3 21. bxc3 Nd5 22. c4 Nxe3 23. fxe3 Rb8 24. Rdb1 Re8 25. Rb6 e5 26. Rab1 e4 27. Be2 Re6 28. c5 a5 29. c6 Re7 30. d5 1-0

[Event "GER-chT U20"]
[Site "Osnabrueck"]
[Date "2015.12.27"]
[Round "2.3"]
[White "Muetsch, Annmarie"]
[Black "Medvedovski, Michael"]
[Result "0-1"]
[WhiteElo "1879"]
[BlackElo "1980"]
[PlyCount "54"]
[EventDate "2015.12.27"]
[EventType "team-swiss"]
[EventRounds "7"]
[EventCountry "GER"]
[SourceTitle "EXT 2017"]
[Source "ChessBase"]
[SourceDate "2016.10.25"]
[SourceVersion "1"]
[SourceVersionDate "2016.10.25"]
[SourceQuality "1"]
[WhiteTeam "Eppingen"]
[BlackTeam "Frankfurt"]
[WhiteTeamCountry "GER"]
[BlackTeamCountry "GER"]

1. e4 c5 2. Nf3 Nc6 3. d4 cxd4 4. Nxd4 e5 5. Nb5 d6 6. N1c3 a6 7. Na3 b5 8. Nd5 Nge7 9. c3 Nxd5 10. exd5 Ne7 11. Be2 Ng6 12. 0-0 Be7 13. Nc2 Bd7 14. Bg4 f5 15. Bh5 0-0 16. Bxg6 hxg6 17. f4 g5 18. fxg5 Bxg5 19. Qh5 Bxc1 20. Raxc1 Rf6 21. Qg5 Qe8 22. Kh1 Rc8 23. Rcd1 f4 24. Qh4 Rh6 25. Qf2 Qh5 26. Qg1 Rf8 27. Ne1 Qxd1 0-1

[Event "GER-chT U20"]
[Site "Naumburg Saale"]
[Date "2014.12.30"]
[Round "7.3"]
[White "Medvedovski, Michael"]
[Black "Gibicar, Danijel"]
[Result "0-1"]
[WhiteElo "1928"]
[BlackElo "2138"]
[PlyCount "136"]
[EventDate "2014.12.27"]
[EventType "team-swiss"]
[EventRounds "7"]
[EventCountry "GER"]
[SourceTitle "EXT 2016"]
[Source "ChessBase"]
[SourceDate "2015.10.08"]
[SourceVersion "1"]
[SourceVersionDate "2015.10.08"]
[SourceQuality "1"]
[WhiteTeam "Frankfurt TV"]
[BlackTeam "Bebenhausen"]
[WhiteTeamCountry "GER"]
[BlackTeamCountry "GER"]

1. e4 e6 2. Nf3 d5 3. Nc3 d4 4. Ne2 c5 5. c3 Nf6 6. Ng3 a6 7. d3 Nc6 8. c4 e5 9. Be2 Bd6 10. 0-0 Ne7 11. Bg5 Ng6 12. Bxf6 gxf6 13. Ne1 Rg8 14. Bg4 Be6 15. h3 Nf4 16. Nh5 Qe7 17. Nxf4 exf4 18. Bxe6 fxe6 19. Qh5+ Qf7 20. Qxf7+ Kxf7 21. Kh1 b5 22. b3 Rgb8 23. f3 Bc7 24. Nc2 Ba5 25. Rab1 Bc3 26. Kh2 Ra7 27. g3 bxc4 28. dxc4 d3 29. Ne1 fxg3+ 30. Kxg3 Rd7 31. Rd1 Rg8+ 32. Kh2 d2 33. Ng2 Bb2 34. Rf2 Bc1 35. Nf4 Rgd8 36. Kg2 Bb2 37. Kf1 Be5 38. Ne2 Rd3 39. Kg2 Rg8+ 40. Kf1 h5 41. h4 a5 42. Ng1 Bd4 43. Rg2 Rxg2 44. Kxg2 Bxg1 45. Kxg1 Rxf3 46. Rxd2 Ke7 47. Re2 Kd6 48. Kg2 Rf4 49. Rf2 Ke5 50. Rd2 Rxe4 51. Kg3 Re3+ 52. Kf2 Rh3 53. Rd8 Rh2+ 54. Kf3 Rxa2 55. Rh8 Ra3 56. Rxh5+ f5 57. Rh8 Rxb3+ 58. Ke2 Ke4 59. Ra8 f4 60. Rxa5 Rb2+ 61. Kf1 Kd4 62. h5 Rh2 63. Ra6 e5 64. h6 e4 65. Kg1 Rh5 66. Rf6 Ke3 67. Kg2 f3+ 68. Kg1 Ke2 0-1

[Event "Hessen-ch U18"]
[Site "Bad Homburg"]
[Date "2012.??.??"]
[Round "2"]
[White "Lenz, Jonas"]
[Black "Medvedovski, Michael"]
[Result "0-1"]
[WhiteElo "1928"]
[BlackElo "1922"]
[PlyCount "92"]
[EventDate "2012.04.??"]
[EventType "swiss"]
[EventRounds "9"]
[EventCountry "GER"]
[SourceTitle "EXT 2015"]
[Source "ChessBase"]
[SourceDate "2014.11.20"]
[SourceVersion "1"]
[SourceVersionDate "2014.11.20"]
[SourceQuality "1"]

1. e4 c5 2. Nf3 Nc6 3. d4 cxd4 4. Nxd4 e5 5. Nb5 a6 6. Nd6+ Bxd6 7. Qxd6 Qf6 8. Qd1 Qg6 9. Qd3 Nge7 10. Be3 d6 11. a3 f5 12. f3 0-0 13. Nc3 fxe4 14. fxe4 Bg4 15. h3 Be6 16. 0-0-0 Rfd8 17. Bb6 Rd7 18. Qe3 d5 19. exd5 Nxd5 20. Nxd5 Rxd5 21. Bd3 Qe8 22. Be4 Rxd1+ 23. Rxd1 Rc8 24. Kb1 Bf7 25. Rd6 Qe7 26. Qd2 Nd4 27. Rxd4 exd4 28. Qxd4 Re8 29. Bf3 Qe1+ 30. Bd1 Qe4 31. Qf2 Qd5 32. Kc1 Bg6 33. Qd2 Qa2 34. Qd4 Qf7 35. Bf3 Qf5 36. Qc4+ Bf7 37. Qg4 Qxg4 38. Bxg4 Bd5 39. g3 h6 40. h4 Re4 41. Bf3 Re5 42. Bd4 Rf5 43. Be2 g5 44. Bg4 Rf1+ 45. Kd2 gxh4 46. gxh4 Rf4 0-1

[Event "Hessen-ch U18"]
[Site "Bad Homburg"]
[Date "2012.??.??"]
[Round "7"]
[White "Medvedovski, Michael"]
[Black "Berberich, Andreas"]
[Result "1-0"]
[WhiteElo "1922"]
[BlackElo "1323"]
[PlyCount "23"]
[EventDate "2012.04.??"]
[EventType "swiss"]
[EventRounds "9"]
[EventCountry "GER"]
[SourceTitle "EXT 2015"]
[Source "ChessBase"]
[SourceDate "2014.11.20"]
[SourceVersion "1"]
[SourceVersionDate "2014.11.20"]
[SourceQuality "1"]

1. e4 e6 2. Nf3 d5 3. Nc3 Nf6 4. e5 Nfd7 5. d4 c5 6. dxc5 Bxc5 7. Bd3 Nc6 8. Bf4 Qb6 9. 0-0 Qxb2 10. Nb5 0-0 11. Bd2 d4 12. Qe2 1-0